01837nam a2200277 i 4500003000900000005001700009007000300026008004100029040003000070041000800100082001900108100005700127245008100184264007300265300003000338336002700368337003400395338002800429505082700457590002701284700005501311910000701366942001401373952015501387999001701542DO-SdBNP20251006144530.0ta251006b1985 dr ||||| |||| 00| p spa d aDO-SdBNPbspacBNPHUerda aspa 4axxxbG516h2221 aGíraldez Casanovas, Laureano, eautor4aut.98866210aHilo /cLaureano Gíraldez Casasnovas ; prólogo, Juan Casasnovas Garrido. aSanto Domingo, República Dominicana : bEditora Corripio, c1985. a101 páginas : c23 cm.  atextobtxt2rdacontent asin mediación bn2rdamedia avolumenbnc2rdacarrier aPrólogo, 3 -- Prólogo del autor, 7 -- Tú y yo, 11 -- A la memoria, 15 -- El misterio, 17 -- Una célula, 19 -- Diálogos de dos letras, 21 -- Si quisieras, 23 -- Aguas, 25 -- Llamándote, 27 -- Tiene que amarme, 29 -- Un precio, 31 -- En esa ollita, 25 -- Monólogos entre dos pobrezas, 37 -- Circulo y estela, 43 -- Libertad, 45 -- No comprendes, 49 -- Regalo, 51 -- Nostálgica y especie, 53 -- Levitación, 55 -- El silencio, -- 57 -- Continuo, 59 -- Invierno, 61 -- Del mar, 63 -- Revés, 65 -- Contacto, 69 -- Por qué no fuiste mía, 71 -- No digo, 73 -- Modificación en el tiempo, 73 -- Pasajera, 77 -- Al pasar, 79 -- Bruma, 81 -- Pasajero encuentro, 83 -- Eras el ayer, 85 -- Temeroso, 87 -- Somos distancias, 89 -- A mi madre, 91 --No, hay victoria, 95 -- Para la voz que caiga, 97 -- Aún, 99 aInventariado, 2025 /LP1 aCasasnovas Garrido, Juan eprologuista4pr.988663 aLP 2ddccLBS1 00102ddc51708PDaBNPHUbBNPHUcCTd2025-04-10eDonado por Federico Henríquez Gratereaux l0oxxx G516hp2025-11055r2025-10-06w2025-10-06yLBS1 c59919d59919